Sports Quiz

Random Sports or City Quiz

Super Bowl Host Cities Quiz Stats

 Plays Quiz Updated Jan 21, 2018

Score 0/53 Timer 07:00
11 Plays Today
Super Bowl City % Correct
XLVIIIEast Rutherford, NJ
96.2%
IIMiami, FL
95.7%
IIIMiami, FL
95.7%
VMiami, FL
95.7%
XMiami, FL
95.7%
XIIIMiami, FL
95.7%
XXIIIMiami, FL
95.7%
XXIXMiami, FL
95.7%
XXXIIIMiami, FL
95.7%
XLIMiami, FL
95.7%
XLIVMiami, FL
95.6%
XLVArlington, TX
94%
XIPasadena, CA
93.1%
XIVPasadena, CA
93.1%
XVIIPasadena, CA
93.1%
XXIPasadena, CA
93.1%
XXVIIPasadena, CA
93.1%
IVNew Orleans, LA
93%
VINew Orleans, LA
93%
IXNew Orleans, LA
93%
XIINew Orleans, LA
93%
XVNew Orleans, LA
93%
XXNew Orleans, LA
93%
XXIVNew Orleans, LA
93%
XXXINew Orleans, LA
93%
XXXVINew Orleans, LA
93%
XLVIINew Orleans, LA
92.9%
Super Bowl City % Correct
ILos Angeles, CA
91.7%
VIILos Angeles, CA
91.7%
LIIIAtlanta, GA
91.6%
VIIIHouston, TX
90.1%
XXXVIIIHouston, TX
90.1%
LIHouston, TX
90%
XIXStanford, CA
87.6%
XLIIGlendale, AZ
86.6%
XLIXGlendale, AZ
85.8%
50Santa Clara, CA
85.1%
XXXTempe, AZ
84.5%
XXIISan Diego, CA
84.2%
XXXIISan Diego, CA
84.2%
XXXVIISan Diego, CA
84.2%
XXVIIIAtlanta, GA
83.3%
XXXIVAtlanta, GA
83.3%
XVIIITampa, FL
82.8%
XXVTampa, FL
82.8%
XXXVTampa, FL
82.8%
XLIIITampa, FL
82.8%
LIIMinneapolis, MN
80.7%
XVIPontiac, MI
77.3%
XLDetroit, MI
77%
XXXIXJacksonville, FL
76.5%
XLVIIndianapolis, IN
75.4%
XXVIMinneapolis, MN
63.2%

You're not logged in!

Compare scores with friends on all Sporcle quizzes.
OR
Log In

Sporcle TV

Today on Sporcle TV


Watch our educational content, quiz creation guides, and fun videos on Sporcle TV.

Show Comments

Extras

Top Quizzes Today


Score Distribution

Your Account Isn't Verified!

In order to create a playlist on Sporcle, you need to verify the email address you used during registration. Go to your Sporcle Settings to finish the process.

Report this User

Report this user for behavior that violates our Community Guidelines.

Details: